000 00206 a2200097 4500
001 3836
100 _aGay, H.J
245 _aAnalytic geometry & claculas
260 _a
_bMcgrawhill
_c
090 _c3068
_d3068
942 _aNUST-CAE
_cM
_c22980
999 _c238909
_d238909